000 01256nam0a2200277 i 4500
001 RU\NLR\BIBL_A\012301725
005 20241213173012.0
035 _a(NLR Aleph) 012301725
090 _a11323989
_c11323989
100 _a20200727d2014 m y0rusy50 ca
101 0 _atun
_arus
102 _aRU
105 _ay z 000 y
181 0 _ai
_baxxe
182 0 _an
200 1 _aДекларация Умунувчэл тэгэл Организацияңӣтын мэнңӣдӯвэр дӯннэңдӯвэр бидерӣл тэгэл праволдӯлӣтын
_e(эвэды тадук лучāды тӯрэрдӯ)
_dДекларация Организации Объединенных Наций о правах коренных народов
_e(на эвенк. и рус. яз.)
203 _aТекст
_bвизуальный
_cнепосредственный
210 _aЮжно-Сахалинск
_cБ.и.
_d2014
215 _a34 с.
_d21
316 _aС автогр. пер.
_5NLR
606 1 _aНароды Севера Российской Федерации
_xЗащита прав
_92278855
_3RU\NLR\AUTH\661365441
686 1 _aХ911.2-3
852 _aNLR
_bОНЛ
_jЭвенк./3-273
942 _cBOOK
980 _aNBR